000 00764nam a22002777a 4500
001 BR2013001588
003 BR-BrBNA
005 20230928104135.0
007 ta
008 230509b bl.||||| |||| 00| 0 por d
040 _aBR-BrBNA
_bpor
_cBiblioteca Nacional de Agricultura
041 _a(Eng, Por)
072 _aQ02
_b9924
090 _ 9924 BR2013001588
100 1 _aAnon
245 1 _aGuia oficial da cachaça: anuário Brasil 2005; cachaça oficial guide: annual Brazil
260 3 _a[np](Brasil):
_c2005.
300 _a122 p.
500 _a147 illus.; 6 graphs.; 7 tables
650 _aCACHAÇA
650 _aESTATÍSTICA COMERCIAL
650 _aNORMALIZAÇÃO
650 _aMERCADO
909 _a202309
_bLucia
_c55
_dLucia Elande
942 _cBK
999 _c78331
_d78331